Missing Vowels- Wars - Statistics

General Stats
  • This quiz has been taken 12 times
  • The average score is 10 of 15
Answer Stats
Hint Answer % Correct
svn yr's wr Seven year's war
100%
spnsh cvl wr Spanish Civil war
100%
vtnam wr Vietnam war
100%
wrld wr tw World War Two
100%
flklnds wr Falklands war
90%
wr f th spnsh sccssn War of the Spanish Succession
80%
wntr wr Winter War
80%
grt ptrtc wr Great Patriotic War
70%
frnc-prssn wr Franco-Prussian War
60%
lplnd wr Lapland war
60%
br wr Boer war
50%
pnc wr Punic war
40%
pm wr Opium War
30%
crsd f vrn Crusade of Varna
10%
wr f th svnth cltn War of the Seventh Coalition
10%
No matching quizzes found
Score Distribution
Percent of People with Each Score
Percentile by Number Answered
Your Score History
You have not taken this quiz